[Event "Lozovatsky memorial 2018"]
[Site "?"]
[Date "2018.01.09"]
[Round "1.10"]
[White "Polykovskaya, Olga"]
[Black "Mokin, Nikolai"]
[Result "0-1"]
[BlackElo "2269"]
[WhiteElo "1499"]
[LiveChessVersion "1.4.8"]

1. d4 {[%clk 1:30:57]} Nf6 {[%clk 1:30:54]} 2. c4 {[%clk 1:31:15]} g6
{[%clk 1:31:18]} 3. Nc3 {[%clk 1:31:29]} Bg7 {[%clk 1:31:43]} 4. e4
{[%clk 1:31:41]} O-O {[%clk 1:32:07]} 5. Nf3 {[%clk 1:31:47]} d6 {[%clk 1:32:31]}
6. Be2 {[%clk 1:31:48]} Na6 {[%clk 1:32:31]} 7. a3 {[%clk 1:32:03]} e5
{[%clk 1:31:27]} 8. dxe5 {[%clk 1:31:03]} dxe5 {[%clk 1:31:45]} 9. Qxd8
{[%clk 1:31:19]} Rxd8 {[%clk 1:32:08]} 10. Nxe5 {[%clk 1:30:54]} Re8
{[%clk 1:30:03]} 11. f4 {[%clk 1:29:34]} Nc5 {[%clk 1:28:55]} 12. Bf3
{[%clk 1:28:28]} Nfxe4 {[%clk 1:26:50]} 13. Nxe4 {[%clk 1:27:55]} Nxe4
{[%clk 1:27:12]} 14. Bxe4 {[%clk 1:27:09]} Bxe5 {[%clk 1:27:40]} 15. fxe5
{[%clk 1:25:47]} Rxe5 {[%clk 1:27:53]} 16. O-O {[%clk 1:25:44]} Rxe4
{[%clk 1:28:15]} 17. b3 {[%clk 1:26:05]} Bf5 {[%clk 1:28:21]} 18. Bf4
{[%clk 1:26:16]} c6 {[%clk 1:26:32]} 19. Bd6 {[%clk 1:25:01]} Rae8
{[%clk 1:26:20]} 20. c5 {[%clk 1:24:18]} f6 {[%clk 1:24:47]} 21. b4
{[%clk 1:23:27]} Kf7 {[%clk 1:25:02]} 22. h3 {[%clk 1:22:36]} h5 {[%clk 1:24:18]}
23. Bg3 {[%clk 1:17:34]} Re3 {[%clk 1:23:33]} 24. Bf2 {[%clk 1:16:22]} Rb3
{[%clk 1:23:16]} 25. Rfd1 {[%clk 1:15:16]} Bd3 {[%clk 1:18:56]} 26. Re1
{[%clk 1:14:51]} Rxe1+ {[%clk 1:18:39]} 27. Bxe1 {[%clk 1:15:19]} Be4
{[%clk 1:18:21]} 28. a4 {[%clk 1:15:18]} Rb2 {[%clk 1:18:35]} 29. Rd1
{[%clk 1:11:10]} Bd5 {[%clk 1:14:20]} 30. b5 {[%clk 1:10:01]} Rxg2+
{[%clk 1:14:10]} 31. Kf1 {[%clk 1:09:25]} Rc2 {[%clk 1:14:20]} 32. b6
{[%clk 1:07:35]} axb6 {[%clk 1:12:28]} 33. cxb6 {[%clk 1:08:02]} g5
{[%clk 1:08:54]} 34. Rd2 {[%clk 1:04:00]} Rxd2 {[%clk 1:07:57]} 35. Bxd2
{[%clk 1:04:28]} c5 {[%clk 1:07:56]} 36. Kf2 {[%clk 1:04:47]} Ke6
{[%clk 1:07:47]} 37. Be3 {[%clk 1:05:04]} Kd6 {[%clk 1:07:27]} 38. Bd2
{[%clk 1:04:45]} Kc6 {[%clk 1:06:14]} 39. a5 {[%clk 1:04:49]} Kb5
{[%clk 1:06:19]} 40. Kg3 {[%clk 1:03:03]} Kc4 {[%clk 1:05:27]} 41. h4
{[%clk 1:02:44]} Kd3 {[%clk 1:05:26]} 42. Bc1 {[%clk 1:01:59]} g4
{[%clk 1:05:48]} 43. Kf4 {[%clk 1:01:54]} c4 {[%clk 1:06:10]} 44. Kf5
{[%clk 1:00:34]} g3 {[%clk 1:05:43]} 45. Ke5 0-1